Aprendizaje y currículum: didáctica socio-cognitiva aplicada

Guardat en:
Dades bibliogràfiques
Autors principals: Román Pérez, Martiniano (Autor), Díez López, Eloísa (Autor)
Format: Llibre
Idioma:espanyol
Publicat: Madrid EOS 1999
Matèries:
Etiquetes: Afegir etiqueta
Sense etiquetes, Sigues el primer a etiquetar aquest registre!

MARC

LEADER 00000nam a2200000 a 4500
001 UCK9327
003 CL-VaPUC
008 060428e19990000SP |||||||||||||||||spa|d
020 |a 848996744X 
082 0 4 |a 375  |b ROM  |2 21 
100 0 |a Román Pérez, Martiniano  |e author  |9 499056 
700 |a Díez López, Eloísa  |e author  |9 415327 
245 1 0 |a Aprendizaje y currículum: didáctica socio-cognitiva aplicada 
300 |a 373 p 
942 |c BK 
945 |d 20060428 00:00:00  |a cmena 
260 |a Madrid  |b EOS  |c 1999 
650 0 |a Curriculos  |9 343652 
650 0 |a Planificación de la educación   |9 307333 
650 0 |a Diseño de curriculos  |9 452659 
650 0 |a Métodos de enseñanza  |9 270413 
650 0 |a Aprendizaje   |9 254827 
650 0 |a Evaluación de la educación   |9 237505 
583 |a last modification  |c 20060428 00:00:00  |k Rodrigo Vera 
999 |c 316543  |d 316541 
952 |0 0  |1 0  |2 ddc  |4 0  |6 375_000000000000000_ROM_1999  |7 0  |8 A  |9 390994  |a BIBEDU  |b BIBEDU  |d 2019-11-22  |i 4224612  |l 1  |o 375 ROM 1999  |p 4224612  |r 2024-10-22  |s 2023-03-17  |w 2019-11-22  |y BK  |k EDU